000 00277nam a22001217a 4500
008 170204b xxu||||| |||| 00| 0 eng d
041 _aeng
080 _a61
100 _a3
101 _aSHM
245 _aYOU CAN BECOME A NONSMOKER: HERE'S HOW!
_cCOOPER, TH.M
942 _2udc
_cBK
999 _c4652
_d4652